| 000 | 00709nam a2200229Ia 4500 | ||
|---|---|---|---|
| 003 | OSt | ||
| 005 | 20220926033909.0 | ||
| 006 | a|||||r|||| 00| 0 | ||
| 007 | ta | ||
| 008 | 220923b |||||||| |||| 00| 0 eng d | ||
| 037 | _cGeneral Book | ||
| 040 |
_aRTL _cRTL _beng |
||
| 041 |
_2eng _aeng |
||
| 082 | _aX9(NA,4).252N79<--N73r, L4 | ||
| 110 |
_aUttar Pradesh hotels and restaurents limited _9339683 |
||
| 245 | 0 | _aAnnual report 1973-79 | |
| 260 |
_aVaranasi _bU.P. hotels and restaurent Ltd. _c1974 |
||
| 300 |
_a25p _ccm. |
||
| 700 |
_aUttar Pradesh hotels and restaurents limited _9339684 |
||
| 942 |
_hX9(NA,4).252N79<--N73r, L4 _cGB _2CC |
||
| 999 |
_c658214 _d658214 |
||